Využitie plastov pri odvodňovaní pôd

Bibliographic Details
Main Author: Kabina, Pavol, 1932-2015 (Author)
Format: Article
Language:Slovak
PhysicalDescription:Res. angl.
Subjects:

MARC

LEADER 00000nab a2200000 a 4500
001 vtls000236597
003 SK-MaSNL
005 20260302210517.0
008 111202c1985 xo 0 slo
015 |a SNBRA19rr/mm-uuuuu 
035 |a CL0246711 
040 |a SNKBUCL  |b slo  |c SNKBUCL  |e AACR2 
041 0 |a slo 
044 |a xo  |c SK 
080 |a 621.643.2-036.5:626.86  |2 1981 
080 |a 626.86  |2 1981 
080 |a 678.5  |2 1981 
100 1 |a Kabina, Pavol,  |d 1932-2015  |4 aut  |9 86460 
245 1 0 |a Využitie plastov pri odvodňovaní pôd  |c P. Kabina 
300 |b Res. angl. 
650 0 7 |a pôda  |2 snkbucl  |9 1159 
650 0 7 |a plasty  |2 snkbucl  |9 3661 
650 0 7 |a rúrky drenážne  |2 snkbucl  |9 933586 
655 7 |a články zo zborníkov  |2 snkbucl  |9 166140 
773 0 |t APLICHEM 85  |d Bratislava : Dom techniky ČSVTS, 1985  |g S. 108-112 
850 |a Slovenská národná knižnica v Martine  |a MTA001 
852 |a SNK  |b KIS3GCP 
958 |a RK 
992 |a RZB 
999 |c 1483000  |d 1484930